[Event "Ruhrgebiet Bezirksliga 15/16"]
[Site "Ruhrgebiet"]
[Date "2015.09.20"]
[Round "2.6"]
[White "Raudszus, Klaus"]
[Black "Langaditis, Sevastianos"]
[Result "1-0"]
[WhiteElo "1590"]
[BlackElo "1771"]
[PlyCount "87"]
[EventDate "2015.08.30"]
[EventType "team-tourn"]
[EventRounds "9"]
[EventCountry "GER"]
[SourceTitle "EXT 2022"]
[Source "ChessBase"]
[SourceDate "2021.10.06"]
[SourceVersion "1"]
[SourceVersionDate "2021.10.06"]
[SourceQuality "1"]
[WhiteTeam "Luenen Horstmar SC"]
[BlackTeam "Unna SV"]
[WhiteTeamCountry "GER"]
[BlackTeamCountry "GER"]

1. e4 d6 2. d4 Nf6 3. Nc3 Nc6 4. Be3 Bg4 5. f3 Bh5 6. Qd2 e6 7. 0-0-0 Be7 8. Kb1 d5 9. g4 Bg6 10. e5 Nd7 11. a3 Nb6 12. Nh3 Na5 13. Bd3 Nac4 14. Qe2 Bxd3 15. Qxd3 Nxe3 16. Qxe3 Nc4 17. Qd3 b5 18. Na2 a5 19. Nf4 Qd7 20. Ne2 b4 21. axb4 axb4 22. Nec1 Bg5 23. b3 Bxc1 24. Rxc1 Qb5 25. bxc4 dxc4 26. Qe2 Rxa2 27. Kxa2 Qa4+ 28. Kb1 c3 29. Qc4 0-0 30. Qb3 Qb5 31. Rcd1 Ra8 32. Rd3 Qa5 33. Kc1 Qa1+ 34. Qb1 b3 35. cxb3 c2 36. Kxc2 Ra2+ 37. Kc1 Ra6 38. Kd2 Qa5+ 39. Ke3 c5 40. d5 exd5 41. Rxd5 f6 42. Qc2 Qb6 43. Qc4 Ra2 44. Rd7+ 1-0